Biggest Trading Partners - Australia - Statistics

General Stats
  • This quiz has been taken 29 times
  • The average score is 26 of 29
Answer Stats
Exports Country % Correct
24.17 bil China
100%
25.57 bil China
100%
11.00 bil India
100%
34.36 bil Japan
100%
15.24 bil Japan
100%
7.68 bil Germany
96%
6.02 bil New Zealand
96%
5.75 bil New Zealand
96%
13.94 bil South Korea
96%
4.57 bil South Korea
96%
6.89 bil United Kingdom
96%
6.57 bil United Kingdom
96%
7.68 bil United States
96%
18.21 bil United States
96%
3.00 bil France
93%
4.20 bil Thailand
93%
7.86 bil Thailand
93%
4.22 bil Vietnam
93%
2.34 bil Indonesia
89%
3.85 bil Indonesia
89%
2.72 bil Malaysia
86%
6.73 bil Malaysia
86%
3.46 bil Italy
82%
1.83 bil Saudi Arabia
79%
4.45 bil Singapore
79%
12.26 bil Singapore
79%
2.46 bil Papua New Guinea
71%
2.37 bil United Arab Emirates
64%
2.25 bil Netherlands
54%
No matching quizzes found
Score Distribution
Percent of People with Each Score
Percentile by Number Answered
Your Score History
You have not taken this quiz